Teória pravdepodobnosti pre ekonómov s podporou jazyka R
Guardado en:
| Autor principal: | |
|---|---|
| Autor Corporativo: | |
| Otros Autores: | , , |
| Formato: | Libro |
| Lenguaje: | eslovaco |
| Publicado: |
Bratislava
Letra Edu
2018
|
| Edición: | 1. vydanie |
| Materias: | |
| Etiquetas: |
Sin Etiquetas, Sea el primero en etiquetar este registro!
|
MARC
| LEADER | 00000nam a2200000 4500 | ||
|---|---|---|---|
| 001 | 0252276 | ||
| 005 | 20240502074038.1 | ||
| 020 | |a 978-80-89962-21-1 | ||
| 020 | |a 978-80-89962-22-8 | ||
| 041 | 0 | |a slo | |
| 044 | |a SK | ||
| 245 | 1 | 0 | |a Teória pravdepodobnosti pre ekonómov |b s podporou jazyka R |c Vladimír Mucha, Michal Páleš ; recenzenti: Jozef Fecenko, Martin Šeleng |
| 250 | |a 1. vydanie | ||
| 264 | 1 | |a Bratislava |b Letra Edu |c 2018 | |
| 300 | |a 229 s. [10 AH] | ||
| 610 | 2 | 0 | |a teória pravdepodobnosti |
| 610 | 2 | 0 | |a definície |
| 610 | 2 | 0 | |a ekonómia |
| 610 | 2 | 0 | |a pojmy |
| 610 | 2 | 0 | |a analýzy |
| 610 | 2 | 0 | |a modelovanie |
| 610 | 2 | 0 | |a riadenie rizík |
| 610 | 2 | 0 | |a metódy štatistické |
| 610 | 2 | 0 | |a rozdeľovanie |
| 100 | 1 | |a Mucha, Vladimír, 1976- | |
| 700 | 1 | |a Páleš, Michal, 1984- | |
| 700 | 1 | |a Fecenko, Jozef | |
| 700 | 1 | |a Šeleng, Martin | |
| 710 | 2 | |a Ekonomická univerzita v Bratislave. Fakulta hospodárskej informatiky | |